000
00271nam a2200109Ia 4500
008
220204s9999 xx 000 0 und d
082
_a
321.7
_b
NAV
100
_a
Navin Chandra Joshi
245
0
_a
Democracy and human values
260
_a
Delhi
_b
Sterling
_c
1979
942
_c
BK
999
_c
34764
_d
34764